Klimatické právo /

Hlavní autor: Müllerová, Hana, 1974-
Jazyk: Čeština
Vydáno: Praha : Wolters Kluwer, 2022
Vydání: Vydání první
Témata:
Fyzický popis: xxxi, 695 stran : ilustrace, mapy ; 24 cm
Language note: Anglické, francouzské a německé resumé
Knihy
Uloženo v:
LEADER 02551nam a2200637 i 4500
001 nkc20233500068
003 CZ PrNK
005 20230426091506.0
007 ta
008 230222s2022 xr ab f 001 0 cze
015 |a cnb003500068 
020 |a 978-80-7676-580-1  |q (vázáno) 
035 |a (OCoLC)1375350587 
040 |a ABA001  |b cze  |e rda 
041 0 |a cze  |b eng  |b fre  |b ger 
043 |a e-xr---  |a e------ 
072 7 |a 349  |x Pracovní, sociální, stavební právo. Právo životního prostředí  |2 Konspekt  |9 16 
080 |a 349.6  |2 MRF 
080 |a 341:502/504  |2 MRF 
080 |a 504.7:551.583  |2 MRF 
080 |a 502.17:551.58  |2 MRF 
080 |a 34  |2 MRF 
080 |a (437.3)  |2 MRF 
080 |a (4)  |2 MRF 
080 |a (048.8:082)  |2 MRF 
100 1 |a Müllerová, Hana,  |d 1974-  |7 xx0200538  |4 aut 
245 1 0 |a Klimatické právo /  |c Hana Müllerová a kol. 
250 |a Vydání první 
264 1 |a Praha :  |b Wolters Kluwer,  |c 2022 
300 |a xxxi, 695 stran :  |b ilustrace, mapy ;  |c 24 cm 
336 |a text  |b txt  |2 rdacontent 
337 |a bez média  |b n  |2 rdamedia 
338 |a svazek  |b nc  |2 rdacarrier 
500 |a Právní stav ke dni 1.6.2022 
504 |a Obsahuje bibliografii, bibliografické odkazy a rejstřík 
546 |a Anglické, francouzské a německé resumé 
650 0 7 |a právo životního prostředí  |7 ph115918  |2 czenas 
650 0 7 |a právo životního prostředí  |7 ph115918  |z Česko  |2 czenas 
650 0 7 |a právo životního prostředí  |7 ph115918  |z země Evropské unie  |2 czenas 
650 0 7 |a mezinárodní právo životního prostředí  |7 ph122821  |2 czenas 
650 0 7 |a klimatické změny  |7 ph134843  |x právní aspekty  |2 czenas 
650 0 7 |a ochrana klimatu  |7 ph502995  |x právní aspekty  |2 czenas 
650 0 9 |a environmental law  |2 eczenas 
650 0 9 |a environmental law  |z Czechia  |2 eczenas 
650 0 9 |a environmental law  |z European Union countries  |2 eczenas 
650 0 9 |a climate changes  |x legal aspects  |2 eczenas 
650 0 9 |a climate protection  |x legal aspects  |2 eczenas 
655 7 |a kolektivní monografie  |7 fd501537  |2 czenas 
655 9 |a collective monographs  |2 eczenas 
910 2 |a BOA001  |b 2-1504.287 
990 |a BK 
995 |a 01 
991 |b 202302  |c NOV 
996 6 |b 2610930853  |c 2-1504.287  |l MZK  |r Sklad / do 1 hodiny  |n 0  |p p.v.  |w 001915253  |u 000010  |a 1  |e BOA001  |j MZK50  |s P 
996 6 |b 2610933356  |c 2-1504.287  |l MZK  |r HSS 4p  |n 0  |p kup  |h 349 MUL  |w 001915253  |u 000020  |a 0  |e BOA001  |j MZK50  |s P 
996 7 |b 2610933357  |c 2-1504.287  |l Vol.výběr  |r VV 0p  |n 8  |p kup  |h 349 MUL  |w 001915253  |u 000030  |a 0  |e BOA001  |j MZK50  |s A